A.Lincoln and me / (Record no. 6611)

MARC details
000 -LEADER
fixed length control field 01025nam a22003017a 4500
001 - CONTROL NUMBER
control field 6611
003 - CONTROL NUMBER IDENTIFIER
control field FISKH
005 - DATE AND TIME OF LATEST TRANSACTION
control field 20250513114159.0
008 - FIXED-LENGTH DATA ELEMENTS--GENERAL INFORMATION
fixed length control field 250513b cb ||||| |||| 00| 0 eng d
020 ## - INTERNATIONAL STANDARD BOOK NUMBER
International Standard Book Number 9780590457156
040 ## - CATALOGING SOURCE
Original cataloging agency FISKH
Language of cataloging eng
Transcribing agency FISKH
Modifying agency FISKH
050 ## - LIBRARY OF CONGRESS CALL NUMBER
Classification number PZ7.B64827 A
082 ## - DEWEY DECIMAL CLASSIFICATION NUMBER
Classification number 973.7
100 ## - MAIN ENTRY--PERSONAL NAME
Personal name Borden, Louise
Dates associated with a name (1949-)
245 ## - TITLE STATEMENT
Title A.Lincoln and me /
Statement of responsibility, etc. By Louise Borden ; Illustrated by Ted Lewin
250 ## - EDITION STATEMENT
Edition statement This edition first published in 2001
260 ## - PUBLICATION, DISTRIBUTION, ETC.
Place of publication, distribution, etc. New York :
Name of publisher, distributor, etc. Scholastic,
Date of publication, distribution, etc. 1999
300 ## - PHYSICAL DESCRIPTION
Extent 30 pages :
Other physical details color illustrations ;
Dimensions 28 cm
505 ## - FORMATTED CONTENTS NOTE
Formatted contents note N<br/>
520 ## - SUMMARY, ETC.
Summary, etc. With the help of his teacher, a young boy realizes that he not only shares his birthday and similar physical appearance with Abraham Lincoln, but that he is like him in other ways as well.<br/>
521 8# - TARGET AUDIENCE NOTE
Target audience note 580<br/>
Source Lexile<br/>
521 8# - TARGET AUDIENCE NOTE
Target audience note N<br/>
Source Raz-Plus<br/>
650 ## - SUBJECT ADDED ENTRY--TOPICAL TERM
Source of heading or term Heroes
Topical term or geographic name entry element President
650 ## - SUBJECT ADDED ENTRY--TOPICAL TERM
Source of heading or term President's Day
Topical term or geographic name entry element Civil War
700 ## - ADDED ENTRY--PERSONAL NAME
Personal name Lewin, Ted
Dates associated with a name illustrator
942 ## - ADDED ENTRY ELEMENTS (KOHA)
Source of classification or shelving scheme Dewey Decimal Classification
Koha item type Books
Suppress in OPAC No
Holdings
Withdrawn status Lost status Source of classification or shelving scheme Damaged status Not for loan Collection Home library Current library Shelving location Date acquired Total Checkouts Full call number Barcode Date last seen Copy number Price effective from Koha item type
    Dewey Decimal Classification     Juvenile Fiction Footprints International School Library Network Toul Tom Poung Campus Footprints International School Library Network Toul Tom Poung Campus TTP Primary Yellow Bookshelves 05/13/2025   BOR 973.7 PZ7.B64827 A 2025-1309 05/13/2025 1 05/13/2025 Books
    Dewey Decimal Classification     Juvenile Fiction Footprints International School Library Network Toul Tom Poung Campus Footprints International School Library Network Toul Tom Poung Campus TTP Primary Yellow Bookshelves 08/15/2025   BOR 973.7 PZ7.B64827 A FISTK02002 08/15/2025 2 08/15/2025 Books